|
|
|
|
| LEADER |
01707nam a2200505 a 4500 |
| 001 |
nkc20081810690 |
| 003 |
CZ PrNK |
| 005 |
20090814110339.0 |
| 007 |
ta |
| 008 |
080627s2008 xr e 000 0 cze |
| 015 |
|
|
|a cnb001810690
|
| 020 |
|
|
|a 978-80-7195-178-0
|q (brož.) :
|c Kč 99,00
|
| 035 |
|
|
|a (OCoLC)271609885
|
| 040 |
|
|
|a ABA001
|b cze
|d OLA001
|
| 072 |
|
7 |
|a 27-4
|x Praktická teologie. Morální teologie
|2 Konspekt
|9 5
|
| 080 |
|
|
|a 27-4
|2 MRF
|
| 080 |
|
|
|a 27-184.3
|2 MRF
|
| 080 |
|
|
|a 27-584
|2 MRF
|
| 080 |
|
|
|a 27-184
|2 MRF
|
| 080 |
|
|
|a 27-532.2
|2 MRF
|
| 080 |
|
|
|a (0:82-4)
|2 MRF
|
| 100 |
1 |
|
|a Kubíček, Ladislav,
|d 1926-2004
|7 jn19990216110
|4 aut
|
| 245 |
1 |
0 |
|a Oslovuji? /
|c na minutu s Ladislavem Kubíčkem
|
| 246 |
3 |
0 |
|a Na minutu s Ladislavem Kubíčkem
|
| 260 |
|
|
|a Kostelní Vydří :
|b Karmelitánské nakladatelství,
|c 2008
|
| 300 |
|
|
|a 111 s. ;
|c 17 cm
|
| 490 |
1 |
|
|a Na minutu s ... ;
|v sv. 10
|
| 650 |
0 |
7 |
|a křesťanská víra
|7 ph122113
|2 czenas
|
| 650 |
0 |
7 |
|a křesťanský život
|7 ph122132
|2 czenas
|
| 650 |
0 |
7 |
|a duchovní život
|7 ph114375
|2 czenas
|
| 650 |
0 |
7 |
|a Bůh a člověk
|7 ph116953
|2 czenas
|
| 650 |
0 |
7 |
|a křížová cesta
|7 ph122161
|2 czenas
|
| 650 |
0 |
9 |
|a Christian faith
|2 eczenas
|
| 650 |
0 |
9 |
|a Christian life
|2 eczenas
|
| 650 |
0 |
9 |
|a spiritual life
|2 eczenas
|
| 650 |
0 |
9 |
|a relations between God and man
|2 eczenas
|
| 650 |
0 |
9 |
|a stations of the Cross
|2 eczenas
|
| 655 |
|
7 |
|a úvahy
|7 fd134000
|2 czenas
|
| 655 |
|
9 |
|a essays
|2 eczenas
|
| 830 |
|
0 |
|a Na minutu s
|0 s
|
| 910 |
2 |
|
|a BOA001
|b 1-1210.929
|
| 990 |
|
|
|a BK
|
| 995 |
|
|
|a 01
|
| 991 |
|
|
|b 200809
|c NOV
|
| 996 |
6 |
|
|b 2610353826
|c 1-1210.929
|l MZK
|r Sklad / do 1 hodiny
|n 2
|p p.v.
|w 000912665
|u 000010
|a 1
|e BOA001
|j MZK50
|s P
|